000 00471nam a2200169Ia 4500
008 240729s9999 xx 000 0 und d
022 _a2081-6936
245 0 _aTranslational Neuroscience
260 _aPoland
260 _bDe Gruyter
650 _a Internal medicine
650 _a Neurosciences. Biological psychiatry. Neuropsychiatry
650 _aMedicine
856 _uhttps://doaj.org/toc/c1947133dd1f41e8a53afa3a954fdaa6
942 _2ddc
942 _cDOAJEJ
999 _c73762
_d73762
945 _a1
_bMadushi Gamage
_c1
_dMadushi Gamage